| 000 | 00812cam a22002293a 4500 | ||
|---|---|---|---|
| 001 | 16728 | ||
| 003 | PGUSA | ||
| 005 | 20140828083345.0 | ||
| 008 | 050920s2005||||xxu|||||s|||||000 | eng d | ||
| 040 |
_aPGUSA _beng |
||
| 042 | _adc | ||
| 050 | 4 | _aLT | |
| 050 | 4 | _aAG | |
| 245 | 1 | 2 |
_aA Catechism of Familiar Things; : _bTheir History, and the Events Which Led to Their Discovery. With a Short Explanation of Some of the Principal Natural Phenomena. For the Use of Schools and Families. Enlarged and Revised Edition. _h[electronic resource] / _cAnonymous |
| 260 |
_bProject Gutenberg, _c2005 |
||
| 506 | _aPublic domain in the USA. | ||
| 516 | _aElectronic text | ||
| 653 | _aScience -- Popular works | ||
| 830 | 0 |
_aProject Gutenberg _v16728 |
|
| 856 | 4 | 0 | _uhttp://www.gutenberg.org/ebooks/16728 |
| 942 | _cEB | ||
| 999 |
_c245983 _d245983 |
||